| 000 | 00784nam a22002057a 4500 | ||
|---|---|---|---|
| 008 | 230724s2023 xxk|||||o|||| 00| 0 eng d | ||
| 041 | _aeng | ||
| 245 | _aBuilding Safety Regime | ||
| 300 | _a24p. | ||
| 500 | _aWill be updated as and when changes to the legislation are made. | ||
| 520 | _aBuild UK has published a building safety guide, which explains how the Building Safety Act 2022 (BSA 2022) is changing the building safety regime. | ||
| 650 | _aBUILDING SAFETY ACT 2022 | ||
| 650 | _aFIRE SAFETY | ||
| 651 | _aUnited Kingdom | ||
| 690 |
_96244 _aHealth and safety |
||
| 690 |
_96222 _aBuilding control |
||
| 710 | _aBuild UK | ||
| 856 |
_uhttps://builduk.org/wp-content/uploads/2023/01/Building-Safety-Regime.pdf _zAvailable on Build UK website |
||
| 942 | _n0 | ||
| 999 |
_c121630 _d121630 |
||